Programación con C++ Builder 5 (Incluye CD-ROM)/ Francisco Charte Ojeda (Registro nro. 12341)
[ vista simple ]
| 000 -LÍDER | |
|---|---|
| fixed length control field | 00554nam a2200157 4500 |
| 008 - ELEMENTOS DE LONGITUD FIJA -- INFORMACIÓN GENERAL | |
| fixed length control field | 0 2000 0a 000 0ESP |
| 020 ## - NÚMERO INTERNACIONAL NORMALIZADO PARA LIBROS | |
| ISBN | 84-415-1046-6 |
| 050 ## - SIGNATURA TOPOGRAFICA DE LA BIBLIOTECA DEL CONGRESO (LC) | |
| Número de Clasificación | QA76 73C153 C51 2000 |
| 082 ## - NUMERO DE CLASIFICACION DECIMAL DEWEY | |
| Número de Clasificación | 001.642.5 Ch481pc |
| 100 ## - ASIENTO PRINCIPAL--NOMBRE PERSONAL | |
| Nombre personal | Charte Ojeda, Francisco |
| 245 ## - TÍTULO | |
| Título | Programación con C++ Builder 5 (Incluye CD-ROM)/ Francisco Charte Ojeda |
| 260 ## - PUBLICACIÓN, DISTRIBUCIÓN, ETC. (PIE DE IMPRENTA) | |
| Lugar de publicación, distribución, etc. | España : Anaya |
| 300 ## - DESCRIPCIÓN FÍSICA | |
| Extensión | 1087 p. / 24 cm. |
| 500 ## - NOTA GENERAL | |
| Nota general | Incluye índice alfab‚tico. |
| 650 ## - ASIENTO SECUNDARIO DE MATERIA - TERMINO TEMÁTICO | |
| Término temático o nombre geográfico como elemento de entrada | 1.C++ (LENGUAJE DE PROGRAMACIÓN PARA COMPUTADORAS) \ 2.COMPUTADORA-PROGRAMACIÓN |
| No. biblioteca | No. biblioteca | Número de clasificación | Código de barras/Número de adquisición | Número de copia | Tipo de material |
|---|---|---|---|---|---|
| LUIS G. INCLAN | LUIS G. INCLAN | 001.642.5 Ch481pc | 37248 | 1 | Libros |
| LUIS G. INCLAN | LUIS G. INCLAN | 001.642.5 Ch481pc | 37249 | 2 | Libros |
| LUIS G. INCLAN | LUIS G. INCLAN | 001.642.5 Ch481pc | 37250 | 3 | Libros |
